00498nam a2200157Ia 450000500170000000800410001704100080005808200160006610000270008224500240010926000310013330000080016465000200017299900190019295201290021120250729165741.0250729s1900 xx 000 0 und d akan a494.50 VIJJ aS Vijaya Kumar9232101 aJanapada Geethegalu aGadagbMaruthi Book Center a80p aKannada9232102 c239614d239614 00104070aALbALd2025-07-29eManagement Bookg30.00l0o494.50 VIJJpBED04933r2025-07-29 16:57:41v30.00w2025-07-29yBK